Disease, ecology, and human behavior

Đã lưu trong:
Bibliografiske detaljer
Hovedforfatter: Brown, Peter J.
Format: Bog
Sprog:Undetermined
Udgivet: New York Praeger 1990
Fag:
Tags: Tilføj Tag
Ingen Tags, Vær først til at tagge denne postø!
Thư viện lưu trữ: Trung tâm Học liệu Trường Đại học Cần Thơ
LEADER 00528nam a2200181Ia 4500
001 CTU_238220
008 210402s9999 xx 000 0 und d
082 |a 306.461 
082 |b B877 
100 |a Brown, Peter J. 
245 0 |a Disease, ecology, and human behavior 
245 0 |c Peter J. Brown, Marcia C. Inhorn, Daniel J. Smith 
260 |a New York 
260 |b Praeger 
260 |c 1990 
650 |a Human ecology,Sinh thái nhân văn 
910 |b nthai 
980 |a Trung tâm Học liệu Trường Đại học Cần Thơ